| 000 | 003910000a22001450004500 | ||
|---|---|---|---|
| 020 |
_a987-958-42-2023-3 : 958-42-2023-3 : _44.000 |
||
| 082 | 0 | 4 | _aR 220.3 L672d |
| 100 | 1 | _aLewinsky, Salomón | |
| 245 | 1 | 0 | _aDiccionario enciclopédico del judaísmo / Salomón Lewinsky |
| 260 | _aBogotá : Planeta | ||
| 300 | _a444 p. | ||
| 650 | 1 | 4 | _aJUDAISMO - DICCIONARIOS |
| 001 | 14980 | ||
| 942 | _cBK | ||
| 999 |
_c43796 _d43796 |
||